| 000 | 00443nam a2200157 i 4500 | ||
|---|---|---|---|
| 001 | 87542 | ||
| 003 | ES-MaACL | ||
| 005 | 20230906175706.0 | ||
| 007 | t| | ||
| 008 | 041222s1952 sp ||||1| spa d | ||
| 100 | 1 |
_aLabarga del Pueyo, Fernando. _969211 |
|
| 245 | 1 | 0 |
_aSurcos de pájaro _b: poemas / _cFernando Labarga del Pueyo. |
| 260 |
_aMadrid : _bEscelicer, _c1952. |
||
| 300 |
_a111 p. ; _c11 cm. |
||
| 852 |
_aES-MaACL _jD-8804 _bR.34036 |
||
| 999 |
_c87542 _d87542 |
||